Statistiques concernant Pays historiques de la Bretagne sur une carte

Cliquez ici pour prendre le quiz!

Statistiques générales

  • Ce quiz a été pris 11 857 fois
    (11 853 depuis la dernière actualisation)
  • Le résultat moyen est 5 sur 9

Réponses sur la Carte

Les réponses sont colorées sur une échelle allant du rouge au vert en fonction du pourcentage des utilisateurs qui les ont devinées à leur premier essai. Vous pouvez retrouver ces pourcentages ci-dessous.
 

Statistiques - réponses

Réponse% Correct
Pays Nantais
88%
Pays Rennais
82%
Vannetais
71%
Pays de Saint-Brieuc
64%
Pays de Saint-Malo
64%
Cornouaille
56%
Léon
37%
Pays de Dol
33%
Trégor
28%

Distribution des résultats

Percentile par nombre de réponses

% des personnes avec chaque résultat

Votre développement - résultats

Vous n’avez pas pris ce quiz depuis la dernière actualisation